000 00433nam a2200145 4500
999 _c4963
_d4963
008 160930b xxu||||| |||| 00| 0 eng d
022 _a16565649
082 _aDPer 303.405 H22 May-Sept 2015 n. 6-10
245 _aTechnology to track you.
260 _aQuezon City:
_bHardware Zone Phils. Corp.,
_c©2015.
300 _aV11 n9, page 81;
_c30 cm.
500 _aHWM Philippines.
650 0 _915597
_aTechnology
942 _2ddc
_cPER